Academia sevillana del notariado Tomo IX

Bibliographic Details
Corporate Author: Academia Sevillana del Notariado
Format: Unknown
Language:Spanish
Published: Madrid : Editoriales de Derecho Reunidas, D.L. 1995
Series:Monografa̕s (Edersa)
Subjects:
Online Access:Acceso restringido. Tomo IX

MARC

LEADER 00000ny a22000003n 4500
005 20111006141935.0
008 980113s1995 sp s 000 0 spa c
020 |a 84-7130-850-9  
035 |a 548 
040 |a vLex 
080 |a 347.9(460) 
090 |c 2625  |d 2625 
245 0 0 |a Academia sevillana del notariado  |h [Recurso electrn̤ico]  |n Tomo IX 
256 |a Servicio en ln̕ea 
260 |a Madrid :  |b Editoriales de Derecho Reunidas,  |c D.L. 1995 
300 |a 1 recurso electrn̤ico 
490 1 |a Monografa̕s 
506 1 |a Contenido solo disponible en los productos indicados  |d vLex Global  |d vLex Global (Academic Edition, excluding Law Schools)  |d vLex Global (U.S. Academic Edition, Law Schools)  |d vLex Global (U.S. Academic Edition, excluding Law Schools)  |d vLex Global (Academic Edition, Law Schools) 
650 0 4 |a Jurisdiccin̤ voluntaria  |z Espaą 
650 0 4 |a Notariado  |z Espaą 
710 2 |a Academia Sevillana del Notariado 
740 0 |a vLex Libros (Servicios en ln̕ea) 
830 0 |a Monografa̕s (Edersa) 
856 4 0 |z Acceso restringido. Tomo IX  |u http://vlex.com/source/academia-sevillana-notariado-548 
942 |c BOOK